Guidelines for surveys under Annex II of MARPOL 73/78 (Record no. 4876)

000 -LEADER
fixed length control field 00337nam a2200133Ia 4500
008 - FIXED-LENGTH DATA ELEMENTS--GENERAL INFORMATION
fixed length control field 200103s 1987 ||||xx |||||||||||||| ||und||
020 ## - INTERNATIONAL STANDARD BOOK NUMBER
International Standard Book Number 9280112171
082 ## - DEWEY DECIMAL CLASSIFICATION NUMBER
Classification number 623.888
Item number IMO
100 ## - MAIN ENTRY--PERSONAL NAME
Personal name IMO
245 #0 - TITLE STATEMENT
Title Guidelines for surveys under Annex II of MARPOL 73/78
260 ## - PUBLICATION, DISTRIBUTION, ETC. (IMPRINT)
Name of publisher, distributor, etc IMO
Date of publication, distribution, etc 1987
Place of publication, distribution, etc London
300 ## - PHYSICAL DESCRIPTION
Extent 19p.
942 ## - ADDED ENTRY ELEMENTS (KOHA)
Item type Books
Holdings
Withdrawn status Lost status Source of classification or shelving scheme Damaged status Not for loan Collection code Permanent location Current location Shelving location Date acquired Full call number Barcode Date last seen Koha item type Public note
          Non-fiction IMU-MPC Library IMU-MPC Library General Stacks 2020-01-08 623.888 IMO LBS8163 2025-03-17 Books Column-12
Copyright © 2021 Indian Maritime University, Mumbai Port Campus. All Rights Reserved. Managed & Maintained by Central Library, IMU-Mumbai

webs counters

Powered by Koha